[Event "Jyske Bank Open"]
[Site "Hvidovre"]
[Date "2019.04.05"]
[Round "1.1"]
[White "Andersen, Daniel"]
[Black "Antonsen, Mikkel"]
[Result "1/2-1/2"]
[WhiteElo "1901"]
[BlackElo "2426"]
[PlyCount "103"]
[EventDate "2019.04.??"]
[EventType "swiss"]
[EventRounds "7"]
[EventCountry "DEN"]

1. c4 g6 2. e4 e5 3. Nf3 Bg7 4. d4 exd4 5. Nxd4 Nf6 6. Nc3 O-O 7. Be2 Re8 8. f3
c6 9. Bg5 Qb6 10. Nb3 a5 11. c5 Qc7 12. O-O a4 13. Nd2 a3 14. b3 Qe5 15. Bxf6
Bxf6 16. Na4 Qxa1 17. Qxa1 Bxa1 18. Rxa1 d6 19. Nb6 Ra7 20. cxd6 Nd7 21. Ndc4
Nxb6 22. Nxb6 Be6 23. Rd1 Rd8 24. e5 Ra5 25. f4 Rc5 26. Bc4 Bxc4 27. bxc4 Ra5
28. g4 Ra6 29. c5 Ra5 30. Rc1 Rb5 31. f5 Rb4 32. e6 Rxg4+ 33. Kh1 fxe6 34. fxe6
Re4 35. e7 Re8 36. d7 R4xe7 37. dxe8=Q+ Rxe8 38. Rc2 Re4 39. Nc4 Rg4 40. Nxa3
Kf7 41. Nc4 Ke6 42. Nd6 Rb4 43. Nc4 Kd5 44. Nb6+ Kd4 45. Nd7 g5 46. Kg2 h5 47.
Kf3 Kd3 48. Rg2 Rf4+ 49. Kg3 Kc3 50. Re2 Rd4 51. Ne5 Rd5 52. Nf7 1/2-1/2

[Event "Jyske Bank Open"]
[Site "Hvidovre"]
[Date "2019.04.05"]
[Round "1.2"]
[White "Fries Nielsen, Jens Ove"]
[Black "Keinicke, Mads"]
[Result "1-0"]
[WhiteElo "2360"]
[BlackElo "1936"]
[PlyCount "73"]
[EventDate "2019.04.??"]
[EventType "swiss"]
[EventRounds "7"]
[EventCountry "DEN"]

1. e4 e6 2. d3 c5 3. f4 Nc6 4. c3 g6 5. Nf3 Bg7 6. Be2 Nge7 7. O-O O-O 8. Na3
d5 9. e5 Bd7 10. d4 cxd4 11. cxd4 a6 12. Nc2 Qb6 13. Rb1 f6 14. Kh1 Rac8 15.
Bd2 Nf5 16. g4 Nh6 17. exf6 Bxf6 18. g5 Bxg5 19. fxg5 Nf5 20. Bc3 Qc7 21. Qd2
b5 22. Nb4 Nd6 23. Nxa6 Qd8 24. Nc5 b4 25. Bxb4 Nxb4 26. Qxb4 Rb8 27. Qd2 Re8
28. Ne5 Bb5 29. Bxb5 Nxb5 30. Nc6 Qd6 31. Nxb8 Rxb8 32. a4 Nc7 33. b4 e5 34.
dxe5 Qxe5 35. Rbe1 Qd6 36. Rf6 Qd8 37. Qd4 1-0

[Event "Jyske Bank Open"]
[Site "Hvidovre"]
[Date "2019.04.05"]
[Round "1.3"]
[White "Saravana, Vedant Kumar"]
[Black "Vasli, Aref"]
[Result "0-1"]
[WhiteElo "1763"]
[BlackElo "2345"]
[PlyCount "128"]
[EventDate "2019.04.??"]
[EventType "swiss"]
[EventRounds "7"]
[EventCountry "DEN"]

1. e4 e5 2. Nf3 Nc6 3. Bc4 Bc5 4. Nc3 a6 5. d3 d6 6. h3 Na5 7. Bb3 Nxb3 8. axb3
Nf6 9. Bg5 h6 10. Be3 Qe7 11. Bxc5 dxc5 12. O-O c6 13. Qe2 O-O 14. Nd2 Be6 15.
Qe3 Rad8 16. Ne2 Nd7 17. f4 exf4 18. Nxf4 Rde8 19. Nxe6 Qxe6 20. Qg3 Ne5 21.
Nf3 Ng6 22. Nh4 Nxh4 23. Qxh4 Qe5 24. Rab1 Qd4+ 25. Qf2 Qd6 26. Qf4 Re5 27. Qg3
a5 28. Rf5 Qd4+ 29. Qf2 Rxf5 30. Qxd4 cxd4 31. exf5 Re8 32. Kf2 Re5 33. g4 Rc5
34. Rc1 Kf8 35. Kf3 Re5 36. Kf2 Re3 37. Re1 Rxe1 38. Kxe1 Ke7 39. Kf2 Kd6 40.
Kf3 Ke5 41. Kg3 b5 42. Kf3 c5 43. Kg3 h5 44. h4 hxg4 45. Kxg4 f6 46. h5 b4 47.
Kg3 Kxf5 48. Kf3 Kg5 49. Ke4 f5+ 50. Kf3 Kxh5 51. Kf4 g6 52. Kf3 g5 53. Kg3 g4
54. Kf4 Kh4 55. Kxf5 g3 56. Ke5 g2 57. Kd5 g1=Q 58. Kxc5 Qc1 59. Kb5 Qxc2 60.
Kxa5 Qxb3 61. Kb5 Qxb2 62. Kc4 Qc3+ 63. Kd5 b3 64. Ke4 b2 0-1

[Event "Jyske Bank Open"]
[Site "Hvidovre"]
[Date "2019.04.05"]
[Round "1.4"]
[White "Nielsen, Viktor Haarmark"]
[Black "Jorgensen, Palle Halkier"]
[Result "1-0"]
[WhiteElo "2288"]
[BlackElo "1786"]
[PlyCount "65"]
[EventDate "2019.04.??"]
[EventType "swiss"]
[EventRounds "7"]
[EventCountry "DEN"]

1. d4 Nf6 2. c4 g6 3. g3 Bg7 4. Bg2 O-O 5. Nc3 d6 6. Nf3 Nbd7 7. O-O c5 8. d5
Ng4 9. e4 Nge5 10. Qe2 Nxf3+ 11. Bxf3 Ne5 12. Bg2 a6 13. a4 Rb8 14. h3 Qc7 15.
Kh2 h6 16. Bd2 Kh7 17. f4 Nd7 18. Rae1 Re8 19. Qd3 Nf8 20. e5 Bf5 21. Be4 Bxe4
22. Qxe4 Qd7 23. e6 fxe6 24. dxe6 Qc6 25. Nd5 Bxb2 26. a5 Kg7 27. f5 g5 28. Qe2
Bf6 29. Qh5 Qa4 30. Qf7+ Kh8 31. Nxf6 exf6 32. Qxf6+ Kg8 33. Bc3 1-0

[Event "Jyske Bank Open"]
[Site "Hvidovre"]
[Date "2019.04.05"]
[Round "1.5"]
[White "Larsen, Arne Walther"]
[Black "Stojanovski, Sandi"]
[Result "0-1"]
[WhiteElo "1738"]
[BlackElo "2192"]
[PlyCount "200"]
[EventDate "2019.04.??"]
[EventType "swiss"]
[EventRounds "7"]
[EventCountry "DEN"]

1. Nf3 d5 2. g3 g6 3. Bg2 Bg7 4. d3 e5 5. Nbd2 Ne7 6. O-O O-O 7. c4 Nbc6 8. Rb1
a5 9. a3 a4 10. b4 axb3 11. Qxb3 Na5 12. Qc2 dxc4 13. Nxc4 Nxc4 14. Qxc4 Be6
15. Qc2 Bd5 16. e4 Bc6 17. Bb2 Qd6 18. Rfc1 Rfd8 19. Qc5 Qxc5 20. Rxc5 f6 21.
Rd1 Bf8 22. d4 Bxe4 23. Rxc7 Nd5 24. Rcc1 Rxa3 25. Bxa3 Bxa3 26. dxe5 Bxc1 27.
Rxc1 b5 28. exf6 Nxf6 29. Ne5 b4 30. Bxe4 Nxe4 31. Nc6 Rd2 32. Nxb4 Nxf2 33.
Rf1 Nh3+ 34. Kh1 g5 35. Nc6 g4 36. Ne7+ Kg7 37. Nf5+ Kg6 38. Ne7+ Kh6 39. Nf5+
Kg5 40. Nh4 h5 41. Rf5+ Kh6 42. Rf6+ Kh7 43. Rf7+ Kg8 44. Rf1 Ng5 45. Ra1 Kf7
46. Ra7+ Ke6 47. Ra6+ Kd7 48. Ra1 Kd6 49. Ng2 Nf3 50. Ra6+ Kc5 51. Ra5+ Kd4 52.
Ra1 Kc3 53. Rc1+ Kb2 54. Rf1 Re2 55. Rd1 Kc2 56. Ra1 Kc3 57. Ra3+ Kb4 58. Ra1
Rb2 59. Rd1 Kc3 60. Rc1+ Kd2 61. Ra1 Kc3 62. Rc1+ Kd4 63. Rd1+ Ke5 64. Ra1 h4
65. gxh4 Kf6 66. Ra6+ Kg7 67. Ra1 Kh6 68. Ra6+ Kg7 69. Ra7+ Kf6 70. Ra1 Ke5 71.
Ra5+ Ke4 72. Ra4+ Nd4 73. Ra1 Nf3 74. h5 Kf5 75. h6 Kg6 76. Ra6+ Kh7 77. Ra1
Kxh6 78. Rc1 Kg6 79. Rc6+ Kf5 80. Rc5+ Ke6 81. Rc6+ Kd5 82. Rc1 Kd6 83. Rd1+
Ke5 84. Rc1 Ke4 85. Rc4+ Nd4 86. Rc1 Ne2 87. Ra1 Kf3 88. Ra3+ Kf2 89. Ra1 Rb8
90. Ne1 Rh8 91. Nd3+ Ke3 92. Ne1 g3 93. Ng2+ Kf2 94. h4 Rb8 95. Ne1 Nf4 96. Ng2
Nxg2 97. Ra2+ Kf3 98. Rxg2 Rb1+ 99. Rg1 Rb4 100. h5 Rh4# 0-1

[Event "Jyske Bank Open"]
[Site "Hvidovre"]
[Date "2019.04.05"]
[Round "1.6"]
[White "Liu, Casper Yukun"]
[Black "Jaques, Hannibal Valeur"]
[Result "1-0"]
[WhiteElo "2174"]
[BlackElo "1751"]
[PlyCount "137"]
[EventDate "2019.04.??"]
[EventType "swiss"]
[EventRounds "7"]
[EventCountry "DEN"]

1. a3 d5 2. d4 Nf6 3. Nf3 Bf5 4. Bf4 e6 5. e3 Bd6 6. Bg3 O-O 7. Bd3 Bg6 8. Bxg6
hxg6 9. Ne5 Nbd7 10. O-O Ne4 11. Nxd7 Qxd7 12. Bxd6 Qxd6 13. f3 Nf6 14. c4 c5
15. b4 cxb4 16. c5 Qa6 17. Qb3 bxa3 18. Nxa3 Qc6 19. Rfb1 Rab8 20. Nb5 a6 21.
Nd6 b5 22. Ra5 Ra8 23. Rba1 Ra7 24. Qa2 Rb8 25. Rxa6 Rxa6 26. Qxa6 Qxa6 27.
Rxa6 Ne8 28. Nxe8 Rxe8 29. Rb6 Ra8 30. Rxb5 Kf8 31. Rb7 Ke8 32. Kf2 Ra2+ 33.
Kg3 Re2 34. c6 Rc2 35. Rc7 g5 36. e4 Rc4 37. exd5 exd5 38. Rc8+ Ke7 39. c7 g6
40. Rd8 Rxc7 41. Rxd5 f6 42. Rc5 Rd7 43. Rc4 Ke6 44. Kf2 Kd5 45. Ra4 Rb7 46.
Ra6 Rb2+ 47. Kg3 f5 48. Rxg6 f4+ 49. Kh3 Kxd4 50. Rxg5 Rf2 51. Rf5 Ke3 52. Re5+
Kd4 53. Re4+ Kd5 54. Rxf4 Ke5 55. Re4+ Kf5 56. g4+ Kg5 57. Kg3 Ra2 58. h4+ Kg6
59. Re6+ Kf7 60. Rb6 Ra4 61. h5 Kg7 62. f4 Ra3+ 63. Kh4 Ra1 64. f5 Rg1 65. Kg5
Kf7 66. Rb7+ Kg8 67. f6 Rf1 68. h6 Rf2 69. Kg6 1-0

[Event "Jyske Bank Open"]
[Site "Hvidovre"]
[Date "2019.04.05"]
[Round "1.7"]
[White "Larsen, Finn"]
[Black "Eriksson, Christian Altenburg"]
[Result "0-1"]
[WhiteElo "1735"]
[BlackElo "2146"]
[PlyCount "82"]
[EventDate "2019.04.??"]
[EventType "swiss"]
[EventRounds "7"]
[EventCountry "DEN"]

1. e4 c5 2. Nf3 Nc6 3. d4 cxd4 4. Nxd4 e5 5. Nf3 Nf6 6. Nc3 Bb4 7. Bd3 d6 8. h3
O-O 9. O-O Be6 10. Bd2 Rc8 11. a3 Bc5 12. b4 Bb6 13. Na4 Bc7 14. c4 Ne7 15. Rc1
Ng6 16. Nc3 Nh5 17. Nd5 Bxd5 18. cxd5 Nhf4 19. Be3 Bb6 20. Qd2 Qd7 21. Kh2 h6
22. Bxb6 axb6 23. Qe3 Qa4 24. Bb1 b5 25. Rc3 Rc4 26. Rxc4 bxc4 27. Rc1 b5 28.
Rc3 Ra8 29. Bc2 Qa7 30. Qxa7 Rxa7 31. g3 Ne2 32. Re3 Nd4 33. Rc3 Nxc2 34. Rxc2
Rxa3 35. Kg2 Ne7 36. Nd2 Ra4 37. f4 f6 38. fxe5 fxe5 39. Nf3 Rxb4 40. Ra2 c3
41. Rc2 Rc4 0-1

[Event "Jyske Bank Open"]
[Site "Hvidovre"]
[Date "2019.04.05"]
[Round "2.1"]
[White "Nielsen, Niels Peter"]
[Black "Fries Nielsen, Jens Ove"]
[Result "0-1"]
[WhiteElo "2083"]
[BlackElo "2360"]
[PlyCount "108"]
[EventDate "2019.04.??"]
[EventType "swiss"]
[EventRounds "7"]
[EventCountry "DEN"]

1. e4 g6 2. d4 Bg7 3. Nf3 Nc6 4. Bc4 d6 5. Be3 Nf6 6. Nbd2 O-O 7. h3 e5 8. dxe5
Nxe5 9. Nxe5 dxe5 10. O-O Qe7 11. Qe2 Nh5 12. Rfd1 Kh8 13. c3 c6 14. a4 b6 15.
Nf1 Nf4 16. Qd2 Qg5 17. Bxf4 exf4 18. Kh1 Qe5 19. f3 f5 20. Qd6 fxe4 21. Qxc6
Bf5 22. Qd5 exf3 23. Qxf3 Be4 24. Qf2 Qh5 25. Kh2 Be5 26. Re1 Bb7 27. Rxe5 Qxe5
28. Re1 Qg5 29. Qd4+ Qf6 30. Qxf6+ Rxf6 31. Re7 Bc6 32. Nd2 Rd8 33. Nb3 Bd5 34.
Bxd5 Rxd5 35. Nd4 a5 36. Ne6 h5 37. Nc7 Rd2 38. Kg1 f3 39. gxf3 Rxf3 40. Ne6
Rf5 41. h4 Rxb2 42. Re8+ Kh7 43. Ng5+ Kg7 44. Re7+ Kf8 45. Re6 Rd5 46. Rf6+ Ke7
47. Rf1 Rdd2 48. Nf3 Rg2+ 49. Kh1 Kd6 50. Rd1+ Kc5 51. Nd4 Rh2+ 52. Kg1 Rbg2+
53. Kf1 Rh1+ 54. Kxg2 Rxd1 0-1

[Event "Jyske Bank Open"]
[Site "Hvidovre"]
[Date "2019.04.05"]
[Round "2.2"]
[White "Vasli, Aref"]
[Black "Christensen, Janus"]
[Result "1-0"]
[WhiteElo "2345"]
[BlackElo "2109"]
[PlyCount "133"]
[EventDate "2019.04.??"]
[EventType "swiss"]
[EventRounds "7"]
[EventCountry "DEN"]

1. e4 e6 2. d4 d5 3. Nc3 Nf6 4. Bg5 Bb4 5. e5 h6 6. Bc1 Ne4 7. Nge2 c5 8. a3
cxd4 9. axb4 dxc3 10. Nxc3 Nxc3 11. bxc3 Qc7 12. Qd4 Nc6 13. Bb5 Bd7 14. Bxc6
Bxc6 15. O-O Bb5 16. Re1 a6 17. Qg4 Qxc3 18. Be3 Qxe5 19. Bc5 Qf6 20. Qg3 b6
21. Bd6 Rc8 22. Rad1 Rc3 23. Re3 Rc6 24. h4 Kd7 25. Be5 Qg6 26. Qf4 Rc4 27. Bd4
f6 28. Rg3 Qf7 29. c3 Rf8 30. Qg4 g5 31. hxg5 hxg5 32. Re1 Rc6 33. Rf3 f5 34.
Qxg5 Rg8 35. Qe3 Rg4 36. Qe5 Qg6 37. g3 Re4 38. Rxe4 dxe4 39. Rf4 Rd6 40. Rh4
e3 41. Qxe3 Bc6 42. Kh2 Bd5 43. c4 Be4 44. c5 bxc5 45. bxc5 Rd5 46. f3 e5 47.
c6+ Kc8 48. Rh8+ Rd8 49. Rxd8+ Kxd8 50. Bb6+ Ke8 51. fxe4 Qxc6 52. exf5 Qc2+
53. Qf2 Qe4 54. Kh3 Kf7 55. g4 Qh1+ 56. Kg3 e4 57. Qa2+ Kg7 58. Bd4+ Kf8 59.
Qa3+ Ke8 60. Qa4+ Ke7 61. Qb4+ Kd7 62. Qb7+ Ke8 63. Qc8+ Ke7 64. Qe6+ Kf8 65.
Bc5+ Kg7 66. Qg6+ Kh8 67. Bd4# 1-0

[Event "Jyske Bank Open"]
[Site "Hvidovre"]
[Date "2019.04.05"]
[Round "2.3"]
[White "Jensen, Thore Nyboe"]
[Black "Nielsen, Viktor Haarmark"]
[Result "0-1"]
[WhiteElo "2042"]
[BlackElo "2288"]
[PlyCount "66"]
[EventDate "2019.04.??"]
[EventType "swiss"]
[EventRounds "7"]
[EventCountry "DEN"]

1. e4 c5 2. Nf3 e6 3. d4 cxd4 4. Nxd4 Nc6 5. c4 Nf6 6. Nxc6 dxc6 7. Qxd8+ Kxd8
8. Nc3 e5 9. Be2 Be6 10. O-O Bc5 11. Be3 Bxe3 12. fxe3 Ke7 13. Rad1 Rhd8 14. h3
h6 15. Kf2 a5 16. b3 g5 17. Rxd8 Rxd8 18. Rd1 Rxd1 19. Bxd1 Kd6 20. Ke1 Kc5 21.
Kd2 b5 22. cxb5 cxb5 23. Be2 Bd7 24. Bd3 Bc6 25. Ke2 Kb4 26. Kd2 h5 27. Kc2 Kc5
28. Kd2 b4 29. Na4+ Kd6 30. Nb2 Nxe4+ 31. Bxe4 Bxe4 32. Nc4+ Kd5 33. g3 h4 0-1

[Event "Jyske Bank Open"]
[Site "Hvidovre"]
[Date "2019.04.05"]
[Round "2.4"]
[White "Stojanovski, Sandi"]
[Black "Svendsen, Mads O"]
[Result "1-0"]
[WhiteElo "2192"]
[BlackElo "2052"]
[PlyCount "81"]
[EventDate "2019.04.??"]
[EventType "swiss"]
[EventRounds "7"]
[EventCountry "DEN"]

1. c4 e5 2. g3 Nc6 3. Nc3 f5 4. e3 Nf6 5. Bg2 d5 6. cxd5 Nb4 7. d3 Nbxd5 8.
Nxd5 Nxd5 9. a3 c6 10. Nf3 Bd6 11. O-O O-O 12. e4 fxe4 13. dxe4 Nf6 14. Qb3+
Kh8 15. Ng5 Qe7 16. Rd1 h6 17. Rxd6 Qxd6 18. Nf7+ Rxf7 19. Qxf7 Be6 20. Qg6
Qd1+ 21. Bf1 Rg8 22. b4 Qd4 23. Rb1 Qxe4 24. Qxe4 Nxe4 25. Be3 Rd8 26. Re1 Nd2
27. Bg2 Nc4 28. Bxa7 Ra8 29. Bc5 Rxa3 30. f4 b6 31. Bf2 Bd5 32. Bxd5 cxd5 33.
fxe5 Kg8 34. Rd1 Nxe5 35. Rxd5 Nd3 36. Rd8+ Kf7 37. Rd7+ Ke6 38. Rxg7 Nxf2 39.
Kxf2 Ra2+ 40. Kg1 Kf6 41. Rb7 1-0

[Event "Jyske Bank Open"]
[Site "Hvidovre"]
[Date "2019.04.05"]
[Round "2.5"]
[White "Petersen, Flemming Petri"]
[Black "Liu, Casper Yukun"]
[Result "0-1"]
[WhiteElo "2019"]
[BlackElo "2174"]
[PlyCount "170"]
[EventDate "2019.04.??"]
[EventType "swiss"]
[EventRounds "7"]
[EventCountry "DEN"]

1. e4 Nc6 2. d4 e5 3. d5 Nce7 4. d6 cxd6 5. Nc3 Ng6 6. Bc4 Nf6 7. Bg5 d5 8.
Bxd5 Bc5 9. Qd2 O-O 10. O-O-O d6 11. f3 Be6 12. h4 h6 13. Bxf6 Qxf6 14. Nge2
Nxh4 15. Rh2 Qg5 16. f4 exf4 17. Nxf4 Ng6 18. Nxe6 Qxd2+ 19. Kxd2 fxe6 20.
Bxe6+ Kh8 21. Bf5 Ne5 22. Nd5 g6 23. Rdh1 gxf5 24. Rxh6+ Kg7 25. Rh7+ Kg6 26.
exf5+ Kxf5 27. R1h5+ Kg4 28. Rh4+ Kg3 29. Rh3+ Kf2 30. b4 Bb6 31. a4 Nc4+ 32.
Kc3 Rac8 33. Kb3 Nd2+ 34. Kb2 Bd4+ 35. c3 Be5 36. Kc2 Ne4 37. Rxb7 Kxg2 38. Re3
Rf2+ 39. Kd3 Nxc3 40. Rxe5 dxe5 41. Nxc3 Rf3+ 42. Ke4 Rfxc3 43. Kxe5 R3c7 44.
Rb5 Rc6 45. Rd5 Kf3 46. a5 Re8+ 47. Kd4 Re4+ 48. Kd3 Rxb4 49. Rf5+ Kg4 50. Rf8
Ra4 51. Rg8+ Kf5 52. Rh8 Kg6 53. Rg8+ Kf7 54. Rh8 Rxa5 55. Rh7+ Kg8 56. Rb7 Rb6
57. Rc7 Rb4 58. Kc3 Rh4 59. Kb3 Kf8 60. Rb7 Ke8 61. Rc7 Kd8 62. Rg7 a6 63. Rf7
Rg5 64. Rf3 Kc7 65. Rf7+ Kb6 66. Rf3 Kb5 67. Ka3 Rhg4 68. Rf8 Ra4+ 69. Kb3 Rg3+
70. Kb2 Rb4+ 71. Kc2 Rh4 72. Rf2 Kc4 73. Kb2 a5 74. Rc2+ Kb4 75. Rf2 a4 76. Ka2
Rhg4 77. Rb2+ Rb3 78. Rf2 Rc4 79. Rf8 Rd3 80. Rb8+ Kc3 81. Rb2 Rd2 82. Ka3 Rd1
83. Rb3+ Kd4 84. Rb8 Rd3+ 85. Kb2 Rb3+ 0-1

[Event "Jyske Bank Open"]
[Site "Hvidovre"]
[Date "2019.04.05"]
[Round "2.6"]
[White "Eriksson, Christian Altenburg"]
[Black "Christensen, Esben"]
[Result "1-0"]
[WhiteElo "2146"]
[BlackElo "2005"]
[PlyCount "39"]
[EventDate "2019.04.??"]
[EventType "swiss"]
[EventRounds "7"]
[EventCountry "DEN"]

1. e4 c5 2. c3 Nf6 3. e5 Nd5 4. d4 cxd4 5. Nf3 b6 6. cxd4 e6 7. Bc4 Bb7 8. O-O
Qc7 9. Bxd5 Bxd5 10. Nc3 Bc6 11. d5 exd5 12. Nxd5 Bxd5 13. Qxd5 Qc6 14. Qd3 Be7
15. Bg5 Bxg5 16. Nxg5 h6 17. Rac1 Qb7 18. Qd6 hxg5 19. Rc7 Qa6 20. Rfc1 1-0

[Event "Jyske Bank Open"]
[Site "Hvidovre"]
[Date "2019.04.05"]
[Round "2.7"]
[White "Thybo, Thomas Sondergaard"]
[Black "Kopperberg, Steen"]
[Result "1-0"]
[WhiteElo "2136"]
[BlackElo "1886"]
[PlyCount "79"]
[EventDate "2019.04.??"]
[EventType "swiss"]
[EventRounds "7"]
[EventCountry "DEN"]

1. e4 e6 2. b3 d5 3. Bb2 dxe4 4. Nc3 Nf6 5. Qe2 Be7 6. O-O-O O-O 7. g4 c6 8. h4
Qa5 9. Kb1 Ba3 10. Ba1 e5 11. Bh3 Nd5 12. Qxe4 Nxc3+ 13. Bxc3 Qd5 14. Qxd5 cxd5
15. Bxe5 Nc6 16. Ba1 Re8 17. g5 Re7 18. Bg2 Bf5 19. d3 Rae8 20. Bxd5 Re1 21.
Nf3 Rxh1 22. Rxh1 Re2 23. Rf1 Bh3 24. Re1 Rxf2 25. g6 hxg6 26. Bb2 Bb4 27. Re8+
Bf8 28. Ba3 Rf1+ 29. Kb2 Rxf3 30. Bxf3 Nd4 31. Rxf8+ Kh7 32. Bxb7 Be6 33. Bc5
Nf5 34. Bf2 f6 35. a4 g5 36. hxg5 fxg5 37. Be4 g6 38. a5 g4 39. a6 g3 40. Bxf5
1-0

[Event "Jyske Bank Open"]
[Site "Hvidovre"]
[Date "2019.04.05"]
[Round "3.2"]
[White "Liu, Casper Yukun"]
[Black "Vasli, Aref"]
[Result "0-1"]
[WhiteElo "2174"]
[BlackElo "2345"]
[PlyCount "126"]
[EventDate "2019.04.??"]
[EventType "swiss"]
[EventRounds "7"]
[EventCountry "DEN"]

1. d4 Nf6 2. Bf4 e6 3. e3 b6 4. Bd3 Be7 5. Nf3 O-O 6. Nbd2 Ba6 7. Bxa6 Nxa6 8.
Qe2 Nb4 9. Nc4 Qc8 10. g4 Qb7 11. Rg1 Nxc2+ 12. Qxc2 Qxf3 13. Ne5 Qd5 14. g5
Nh5 15. O-O-O Nxf4 16. exf4 Qxa2 17. Nxd7 Rfd8 18. Nf6+ Bxf6 19. gxf6 Qa1+ 20.
Kd2 Qa5+ 21. Kc1 g6 22. h4 c5 23. h5 Rxd4 24. Rxd4 Qa1+ 25. Qb1 Qxb1+ 26. Kxb1
cxd4 27. h6 d3 28. Kc1 Rc8+ 29. Kd2 Kf8 30. Kxd3 Ke8 31. Ke4 Rc4+ 32. Ke3 Rc5
33. b4 Rb5 34. Ra1 a5 35. bxa5 bxa5 36. Rc1 Kd7 37. Rd1+ Kc7 38. Rc1+ Kd7 39.
Rd1+ Rd5 40. Rb1 Kc7 41. Rc1+ Kb7 42. Rb1+ Ka7 43. Rc1 Kb6 44. Rb1+ Rb5 45. Rd1
a4 46. Rd8 a3 47. Rb8+ Kc5 48. Ra8 Kb4 49. Ra7 Ra5 50. Rb7+ Kc5 51. Rxf7 a2 52.
Rc7+ Kd6 53. f7 Kxc7 54. f8=Q a1=Q 55. Qe7+ Kb6 56. Qxe6+ Kc5 57. Qe7+ Kc4 58.
Qe6+ Kc3 59. Qc6+ Kb2 60. Qb6+ Kc1 61. Qc6+ Kd1 62. Qd6+ Kc2 63. Qc6+ Qc3+ 0-1

[Event "Jyske Bank Open"]
[Site "Hvidovre"]
[Date "2019.04.05"]
[Round "3.3"]
[White "Nielsen, Viktor Haarmark"]
[Black "Eriksson, Christian Altenburg"]
[Result "1/2-1/2"]
[WhiteElo "2288"]
[BlackElo "2146"]
[PlyCount "131"]
[EventDate "2019.04.??"]
[EventType "swiss"]
[EventRounds "7"]
[EventCountry "DEN"]

1. d4 d5 2. c4 c6 3. Nf3 Nf6 4. Qc2 dxc4 5. Qxc4 Bf5 6. g3 e6 7. Bg2 Nbd7 8.
O-O Be7 9. Nc3 O-O 10. e3 b5 11. Qe2 b4 12. Na4 Qa5 13. b3 Rac8 14. Bb2 c5 15.
Rac1 Be4 16. Nd2 Bxg2 17. Kxg2 cxd4 18. Bxd4 e5 19. Ba1 Qd5+ 20. e4 Qb7 21. f3
Rxc1 22. Rxc1 Rc8 23. Rxc8+ Qxc8 24. Qc4 Qb8 25. Nf1 Qd6 26. Qc2 h6 27. Ne3 g6
28. Nc4 Qe6 29. Nab2 Nc5 30. Nd3 Nxd3 31. Qxd3 Nd7 32. Qe3 Kg7 33. Qxa7 Bc5 34.
Qb7 Bd4 35. Bxd4 exd4 36. Qd5 Qxd5 37. exd5 Nc5 38. f4 Kf6 39. Kf3 Ke7 40. g4
f6 41. h4 g5 42. fxg5 fxg5 43. hxg5 hxg5 44. Ke2 Kf6 45. Kd2 Ke7 46. Kc2 Kf6
47. a4 bxa3 48. b4 Na6 49. b5 Nc5 50. Nxa3 Ke5 51. Kd2 Kxd5 52. Nc2 Ne4+ 53.
Ke2 Nc3+ 54. Kd3 Nxb5 55. Nb4+ Kc5 56. Nc2 Kd5 57. Nb4+ Ke5 58. Nc6+ Kf4 59.
Kc4 Nc7 60. Kxd4 Kxg4 61. Ke3 Kg3 62. Ne5 Nd5+ 63. Ke4 Ne7 64. Nf7 g4 65. Nh6
Ng6 66. Nxg4 1/2-1/2

[Event "Jyske Bank Open"]
[Site "Hvidovre"]
[Date "2019.04.05"]
[Round "3.4"]
[White "Antonsen, Mikkel"]
[Black "Thybo, Thomas Sondergaard"]
[Result "1-0"]
[WhiteElo "2426"]
[BlackElo "2136"]
[PlyCount "75"]
[EventDate "2019.04.??"]
[EventType "swiss"]
[EventRounds "7"]
[EventCountry "DEN"]

1. d4 d5 2. Nf3 Nf6 3. c4 e6 4. g3 Be7 5. Bg2 O-O 6. O-O dxc4 7. Qc2 b5 8. a4
Bb7 9. axb5 a6 10. Nc3 c5 11. dxc5 Bxc5 12. Bg5 Nbd7 13. bxa6 Rxa6 14. Rxa6
Bxa6 15. Ne4 Be7 16. Nd4 Qb6 17. Nc6 Bd8 18. Nxd8 Rxd8 19. Rd1 Rb8 20. Rd6 Qxb2
21. Qxb2 Rxb2 22. Bxf6 gxf6 23. Rxa6 Rxe2 24. Ra1 f5 25. Nc3 Rc2 26. Nd1 Ne5
27. Ne3 Re2 28. Bf1 Rb2 29. Nxc4 Nxc4 30. Bxc4 Kg7 31. Kg2 Rb4 32. Be2 Kg6 33.
Ra8 Rb2 34. Bf3 e5 35. Bd5 Rd2 36. Ra6+ Kg7 37. Bc4 Rc2 38. Bd3 1-0

[Event "Jyske Bank Open"]
[Site "Hvidovre"]
[Date "2019.04.05"]
[Round "3.5"]
[White "Guindy, Esmat Susanne"]
[Black "Keinicke, Mads"]
[Result "1-0"]
[WhiteElo "2144"]
[BlackElo "1936"]
[PlyCount "61"]
[EventDate "2019.04.??"]
[EventType "swiss"]
[EventRounds "7"]
[EventCountry "DEN"]

1. d4 f5 2. g3 Nf6 3. Bg2 g6 4. c4 d6 5. Nf3 Bg7 6. O-O O-O 7. b3 Qe8 8. Bb2
Nc6 9. d5 Nb4 10. a3 Na6 11. b4 Bd7 12. Nd4 Nh5 13. Nd2 Rb8 14. e4 fxe4 15.
Nxe4 e5 16. dxe6 Bxe6 17. Nxe6 Qxe6 18. Nc5 Qe7 19. Bd5+ Kh8 20. Re1 Qg5 21.
Bxg7+ Nxg7 22. Nd7 c6 23. Bg2 Qf5 24. Nxf8 Rxf8 25. Ra2 Qd7 26. Rae2 Nf5 27.
Qa1+ Kg8 28. b5 Nc7 29. bxc6 bxc6 30. Qb2 a6 31. Qb7 1-0

[Event "Jyske Bank Open"]
[Site "Hvidovre"]
[Date "2019.04.05"]
[Round "3.6"]
[White "Christensen, Janus"]
[Black "Saravana, Vedant Kumar"]
[Result "1-0"]
[WhiteElo "2109"]
[BlackElo "1763"]
[PlyCount "63"]
[EventDate "2019.04.??"]
[EventType "swiss"]
[EventRounds "7"]
[EventCountry "DEN"]

1. e4 e5 2. Nf3 Nc6 3. c3 Bc5 4. d4 exd4 5. cxd4 Bb4+ 6. Nc3 d6 7. Bd3 Nf6 8.
O-O O-O 9. e5 dxe5 10. dxe5 Bxc3 11. bxc3 Nd5 12. Qc2 h6 13. Rd1 Bg4 14. Be4
Be6 15. c4 Ndb4 16. Bh7+ Kh8 17. Rxd8 Nxc2 18. Rxf8+ Rxf8 19. Bxc2 Nb4 20. Be4
Bxc4 21. Be3 b5 22. Bc5 Rc8 23. Bxb4 c5 24. Ba5 Be6 25. a3 c4 26. Bc3 a6 27.
Nd4 Rc7 28. Nxe6 fxe6 29. Rd1 Kg8 30. Bg6 Kf8 31. Bb4+ Kg8 32. Rd8# 1-0

[Event "Jyske Bank Open"]
[Site "Hvidovre"]
[Date "2019.04.05"]
[Round "3.7"]
[White "Nielsen, Niels Peter"]
[Black "Jorgensen, Palle Halkier"]
[Result "1-0"]
[WhiteElo "2083"]
[BlackElo "1786"]
[PlyCount "43"]
[EventDate "2019.04.??"]
[EventType "swiss"]
[EventRounds "7"]
[EventCountry "DEN"]

1. e4 c5 2. Nf3 d6 3. d4 cxd4 4. Nxd4 g6 5. Nc3 Bg7 6. Be3 Nf6 7. Bc4 O-O 8. f3
a6 9. Qd2 Nc6 10. Nxc6 bxc6 11. Bh6 Qc7 12. Bxg7 Kxg7 13. Bb3 Nd7 14. O-O Nc5
15. Kh1 Nxb3 16. axb3 Be6 17. f4 Bd7 18. f5 a5 19. Ne2 Rh8 20. Rad1 Rae8 21. e5
d5 22. f6+ 1-0

[Event "Jyske Bank Open"]
[Site "Hvidovre"]
[Date "2019.04.06"]
[Round "4.1"]
[White "Vasli, Aref"]
[Black "Nielsen, Viktor Haarmark"]
[Result "1-0"]
[WhiteElo "2345"]
[BlackElo "2288"]
[PlyCount "69"]
[EventDate "2019.04.??"]
[EventType "swiss"]
[EventRounds "7"]
[EventCountry "DEN"]

1. e4 c5 2. Nf3 e6 3. d4 cxd4 4. Nxd4 Nc6 5. Nc3 Qc7 6. g3 a6 7. Bg2 Nf6 8. O-O
Nxd4 9. Qxd4 Bc5 10. Bf4 d6 11. Qd2 h6 12. Rad1 e5 13. Be3 Be6 14. Bxc5 dxc5
15. Nd5 Bxd5 16. exd5 Qd6 17. f4 O-O 18. fxe5 Qxe5 19. d6 Qxb2 20. Rb1 Qxa2 21.
Rxb7 Rad8 22. Re1 c4 23. d7 Qa4 24. Rd1 Qa3 25. Qd4 c3 26. Bc6 Nh7 27. h4 f5
28. Re1 Nf6 29. Rb3 Qa5 30. Re5 Qa1+ 31. Kg2 Kh8 32. Rxf5 Nxd7 33. Qxd7 Rxf5
34. Qxd8+ Kh7 35. Qd3 1-0

[Event "Jyske Bank Open"]
[Site "Hvidovre"]
[Date "2019.04.06"]
[Round "4.2"]
[White "Stojanovski, Sandi"]
[Black "Antonsen, Mikkel"]
[Result "0-1"]
[WhiteElo "2192"]
[BlackElo "2426"]
[PlyCount "98"]
[EventDate "2019.04.??"]
[EventType "swiss"]
[EventRounds "7"]
[EventCountry "DEN"]

1. d4 Nf6 2. Nf3 g6 3. Bf4 Bg7 4. c3 d6 5. h3 O-O 6. e3 Nbd7 7. Nbd2 b6 8. Bc4
Bb7 9. O-O e6 10. Qe2 a6 11. a4 Qe7 12. Bh2 e5 13. Rfc1 Kh8 14. Ba2 Nh5 15.
dxe5 dxe5 16. Rd1 Nc5 17. Bc4 Bc6 18. b3 a5 19. g4 Nf6 20. Nxe5 Bb7 21. Ndf3
Nfe4 22. Rac1 Nd6 23. Bd5 Bxd5 24. Rxd5 Nxb3 25. Rcd1 Nc5 26. Nc6 Qe8 27. Nfd4
Nxa4 28. Qc2 Nc5 29. Rxd6 cxd6 30. Bxd6 Ne4 31. Be7 Nf6 32. Rb1 Rg8 33. Qa2 Nd7
34. Qd5 Rc8 35. g5 h5 36. e4 Nb8 37. Nxb8 Qxe7 38. Nbc6 Qc5 39. Rb5 Qxc3 40.
Rxb6 Rge8 41. Kg2 Bxd4 42. Nxd4 Qd3 43. e5 Rc1 44. Qxf7 Qf1+ 45. Kg3 Rc3+ 46.
Nf3 h4+ 47. Kf4 Qc1+ 48. Ke4 Qc2+ 49. Kd5 Qa2+ 0-1